| 000 | 01811nam a22002537a 4500 | ||
|---|---|---|---|
| 008 | 250327b |||||||| |||| 00| 0 eng d | ||
| 020 | _a9781444198447 | ||
| 040 | _cTBS | ||
| 041 |
_aeng _apor |
||
| 050 | _aPC5444.T97 2016 | ||
| 100 |
_aTyson-Ward, Sue _925067 _eauthor |
||
| 245 |
_aComplete Brazilian Portuguese _c/ Sue Tyson-Ward, Ethel Pereira de Almeida Rowbotham. |
||
| 260 |
_aLondon : _bJohn Murray Learning _c2016. |
||
| 300 |
_axviii, 317 pages : _billustrations ; _c25 cm. |
||
| 490 | _aTeach yourself books. | ||
| 520 | _aComplete Brazilian Portuguese is a comprehensive book and audio language course that takes you from beginner to intermediate level. The new edition of this successful course has been fully revised and is packed with new learning features to give you the language, practice and skills to communicate with confidence. 18 learning units plus two review tests, pronunciation section and glossary; Discovery Method - figure out rules and patterns to make the language stick; Teaches the key skills - reading, writing, listening and speaking; Learn to learn - tips and skills on how to be a better language learner; Culture notes - learn about the people and places of Brazil; Outcomes-based learning - focus your studies with clear aims; Authentic listening activities - everyday conversations give you a flavor of real spoken Brazilian Portuguese; Test Yourself - see and track your own progress. | ||
| 546 | _aText in English and Brazilian-Portuguese. | ||
| 650 | 0 |
_aPortuguese language _vTextbooks for foreign speakers _xEnglish _925068 |
|
| 650 | 0 |
_aPortuguese language _xSelf-instruction _925069 |
|
| 655 | 0 |
_aSelf-instruction _924883 |
|
| 655 | 0 |
_aTextbooks _xfor English speakers _922374 |
|
| 700 |
_aAlmeida Rowbotham, Ethel Pereira de _925070 _eauthor |
||
| 942 | _2lcc | ||
| 999 |
_c4600 _d4600 |
||